Biología 1º Medio: texto para el estudiante

Guardat en:
Dades bibliogràfiques
Autors principals: Pino Rojas, Carlos (Autor), Navarro Vidal, Ramón (Autor)
Format: Llibre
Idioma:espanyol
Publicat: Santiago Mare Nostrum 2004
Edició:1a. ed
Matèries:
Etiquetes: Afegir etiqueta
Sense etiquetes, Sigues el primer a etiquetar aquest registre!

MARC

LEADER 00000cam a2200000 a 4500
001 UCJ0468
003 CL-VaPUC
008 060804e20040000CL |||||||||||||||||spa|d
020 |a 9562940306 
082 0 4 |a 570.712  |b PIN  |2 21 
100 0 |a Pino Rojas, Carlos  |e author  |9 500655 
700 0 |a Navarro Vidal, Ramón  |e author  |9 500656 
245 1 0 |a Biología 1º Medio: texto para el estudiante 
250 |a 1a. ed 
300 |a 173 p 
942 |c BK 
945 |d 20060804 00:00:00  |a jtorresc 
260 |a Santiago  |b Mare Nostrum  |c 2004 
650 0 |a Educación científica   |9 307484 
650 0 |a Libros de texto  |9 270019 
650 0 |a Métodos de enseñanza  |9 270413 
650 0 |a Biología  |9 262022 
583 |a last modification  |c 20150505 09:28:42  |k Rodrigo Vera 
999 |c 317302  |d 317300 
952 |0 0  |1 0  |3 erb  |4 0  |6 570_712000000000000_PIN_2004  |7 0  |8 A  |9 393476  |a BIBEDU  |b BIBEDU  |i 5148561  |o 570.712 PIN 2004  |p 5148561  |r 2019-11-22  |w 2019-11-22  |y BK  |z Catalogado en:20150507  |k EPE